MARC details
| 000 -CABECERA |
| campo de control de longitud fija |
02260nab a2200229 ab4500 |
| 005 - FECHA Y HORA DE LA ÚLTIMA TRANSACCIÓN |
| campo de control |
20260219115415.0 |
| 008 - ELEMENTOS DE LONGITUD FIJA--INFORMACIÓN GENERAL |
| campo de control de longitud fija |
251016c2025 ck fr p#o# #00| spa d |
| 003 - IDENTIFICADOR DEL NÚMERO DE CONTROL |
| campo de control |
|
| 040 ## - FUENTE DE LA CATALOGACIÓN |
| Centro catalogador/agencia de origen |
MX-MxUPN |
| Lengua de catalogación |
spa |
| Centro/agencia transcriptor |
MX-MxUPN |
| Normas de descripción |
aacr2 |
| 100 1# - ASIENTO PRINCIPAL--NOMBRE PERSONAL |
| Nombre de persona |
Restrepo Betancur, Luis Fernando |
| 9 (RLIN) |
58840 |
| 245 1# - MENCIÓN DE TÍTULO |
| Título |
Consumo de alcohol en el mundo en las últimas tres décadas |
| Medio |
[recurso electrónico en línea] |
| 506 0# - NOTA DE RESTRICCIONES AL ACCESO |
| Limitaciones de acceso |
Acceso abierto |
| 520 3# - NOTA DE RESUMEN, ETC. |
| Sumario, etc. |
Son innegables los efectos nocivos del alcohol sobre la salud de las personas. En este sentido, diferentes estudios han demostrado sus efectos negativos en enfermedades como la cirrosis hepática, pancreatitis, algunos tipos de cáncer, enfermedades mentales y, adicionalmente, daños y complicaciones para el feto en las mujeres en embarazo. El objetivo del estudio consiste en evaluar el consumo de alcohol a nivel mundial en las últimas tres décadas. La investigación es de tipo descriptivo-comparativo con un enfoque longitudinal. Dentro de las variables evaluadas figuran: proporción de la población con trastorno por consumo de alcohol, tasa de mortalidad por trastorno de consumo de alcohol, número de personas con desordenes de alcoholismo. Se empleó la técnica multivariada MANOVA, detectando diferencia estadística entre las diferentes regiones del mundo. Norteamérica, Europa Oriental y Oceanía presentan las estadísticas de mayor impacto en relación con el consumo de alcohol y defunciones ocasionadas por tal causa. Las muertes por trastorno de alcohol han aumentado en el tiempo de manera significativa. El consumo de bebidas alcohólicas es detonante de una serie de trastornos neuropsiquiátricos y de enfermedades consideradas no transmisibles, como afecciones cardiacas, cáncer y cirrosis hepática, entre otras, convirtiéndose en un problema de salud pública. |
| Fuente proveedora |
Psychologia. |
| 650 #4 - ASIENTO SECUNDARIO DE MATERIA - TERMINO TEMATICO |
| Término de materia o nombre geográfico como elemento de entrada |
Alcoholismo |
| 9 (RLIN) |
2121 |
| 653 ## - TERMINO DE INDIZACION - NO CONTROLADO |
| Término no controlado |
Adicciones |
| 650 #2 - ASIENTO SECUNDARIO DE MATERIA - TERMINO TEMATICO |
| Término de materia o nombre geográfico como elemento de entrada |
Enfermedades crónicas |
| 9 (RLIN) |
9630 |
| 773 ## - ENLACE AL DOCUMENTO FUENTE/ENTRADA DE REGISTRO ANFITRIÓN |
| Parte(s) relacionada(s) |
Vol. 19, no. 2, (2025), p. 63-73 |
| Título |
Psychologia : avances de la disciplina |
| Número Internacional Normalizado para Publicaciones Seriadas |
1900-2386 |
| 856 4# - LOCALIZACIÓN Y ACCESO ELECTRÓNICOS |
| Identificador Uniforme del Recurso |
<a href="https://revistas.usb.edu.co/index.php/Psychologia/article/view/7238">https://revistas.usb.edu.co/index.php/Psychologia/article/view/7238</a> |
| 856 4# - LOCALIZACIÓN Y ACCESO ELECTRÓNICOS |
| Identificador Uniforme del Recurso |
<a href="https://revistas.usb.edu.co/index.php/Psychologia/article/view/7238/5694">https://revistas.usb.edu.co/index.php/Psychologia/article/view/7238/5694</a> |
| 902 ## - ELEMENTOS DE DATOS B LOCAL, LDB (RLIN) |
| Creó |
Leonor Sotres/190226 |
| 942 ## - ELEMENTOS DE PUNTO DE ACCESO ADICIONAL (KOHA) |
| Tipo de ítem Koha |
Artículo Electrónico |